| 000 | 02254nam a2200361 i 4500 | ||
|---|---|---|---|
| 003 | DO-SdBNP | ||
| 005 | 20250721114521.0 | ||
| 007 | ta | ||
| 008 | 250721b2007 dr o || |||| 000 0 spa d | ||
| 020 | _a9789945447019 | ||
| 040 |
_aDO-SdBNP _bspa _cBNPHU _erda |
||
| 041 | _aspa | ||
| 082 |
_aRD 344.046 _bU58a _222 |
||
| 110 | 1 |
_aUniversidad Autónoma de Santo Domingo _bComisión Medio Ambiente y Recursos Naturales _988406 |
|
| 245 | 1 | 4 |
_aLas áreas protegidas, patrimonio nacional en peligro : _bestudio técnico de la ley sectorial sobre áreas protegidas, no. 202-04 del 30 de julio de 2004 / _cpresentación, Roberto Reyna ; prólogo, Nelson Moreno Ceballos |
| 264 |
_aSanto Domingo : _bEditora Universitaria UASD,, _c2007. |
||
| 300 |
_a211 páginas ; _bfotografías _c23 cm. |
||
| 336 |
_atexto _btxt _2rdacontent |
||
| 337 |
_asin mediación _bn _2rdamedia |
||
| 338 |
_avolumen _bnc _2rdacarrier |
||
| 490 | 1 |
_aPublicaciones de la Universidad Autónoma de Santo Domingo ; _v1377 |
|
| 490 | 1 |
_aEducación y Sociedad ; _v69 |
|
| 505 | 2 |
_gPRIMERA PARTE -- _t Las áreas protegidas de la República Dominicana -- _tLas áreas protegidas: bienes patrimoniales de la República Dominicana -- _tCentros ecológicos educativos y recreativos, -- _gSEGUNDA PARTE -- _tEstudios técnicos de la Ley sectorial sobre áreas protegidas 2002-04 d/f 30-7-04 -- _tAnálisis técnico de la Ley 202-04, 33-74 -- _tGRÁFICAS ÁREAS PROTEGIDAS -- _tLEY No. 202-04 / |
|
| 520 | _aLa obra hace un recuento preciso sobre la Ley sectorial de áreas protegidas 202-04 del 30 de julio de 2004. El objetivo principal es contribuir y proveer las informaciones para hacer los correctivos técnicos y garantizar la salvaguarda de las áreas naturales protegidas de la República Dominicana a través del SINAP | ||
| 590 | _aInventariado, 2025/ YL | ||
| 650 | 7 |
_aControl ambiental _xLegislación _zRepública Dominicana _988399 |
|
| 650 | 7 |
_aPolítica ambiental _xLegislación _zRepública Dominicana _988407 |
|
| 650 | 7 |
_aRecursos naturales _xLegislación _zRepública Dominicana _988408 |
|
| 700 | 1 |
_aReyna Tejada, Roberto _d1957 - _988401 _epresentador _4pr. |
|
| 700 | 1 |
_aMoreno Ceballos, Nelson, _d1947-2018 _eprologuista _4pr. _988409 |
|
| 910 | _aYLockward | ||
| 942 |
_2ddc _cLBS1 |
||
| 999 |
_c59594 _d59594 |
||